Tilastot visalle Guatemala-visa

Klikkaa tästä pelataksesi tätä visaa!

Yleistilastot

  • Tätä visaa on pelattu 43 kertaa
  • Keskiarvotulos 11 / 16

Vastaustilastot

VihjeVastaus% Oikein
Virallinen kieliEspanja
100%
NaapurimaatHonduras
100%
NaapurimaatEl Salvador
97%
NaapurimaatMeksiko
97%
NaapurimaatBelize
94%
PääkaupunkiGuatemala
91%
Meri Guatemalan itäpuolellaKaribianmeri
91%
Muinainen sivilisaatio, joka tunnetaan esimerkiksi pyramideistaanMayat
85%
Niemimaa, joka sisältää Guatemalan pohjoisosat{Jukatanin} niemimaa
68%
Valtio, jonka osana Guatemala oli vuosina 1823-1839{Keski-Amerikan} liittotasavalta
53%
Suurin etninen ryhmäMestitsit/ladinot
53%
ValuuttaQuetzal
41%
Kaupunki, joka oli yllä olevan sivilisaation suurinTikal
41%
Tulivuori, joka purkautui vuonna 2018 tappaen vähintään 100 ihmistäFuego
38%
Kaupunki, joka tunnetaan siirtomaa-aikaisesta arkkitehtuuristaanAntigua
35%
Nobelin rauhanpalkinnon vuonna 1992 voittanut guatemalalainenRigoberta Menchú
32%

Tulosjakauma

Persentiili vastausten määrän mukaan

Jokaisen tuloksen saaneiden osuus

Tuloshistoriasi

Et ole pelannut tätä visaa